00760nam a2200205 a 450000100100000000500170001000800410002702000180006804000250008608200150011124501300012626000320025630000380028849000210032650000620034750500570040970000360046670000310050283000210053300004691420201002053215.0180406s2015 dr a 000 0 spa d a9789945175141 aDO-SdBNPbspacBNPHU axxxxbxxxx00aLengua española 4 :blibro de texto, primaria 4 /cedición Lynnette Defilló Arzeno ; ilustraciones Osvaldo Torres Ruiz. aSanto Domingo :bSM,c2015. a207 p. :bil. ;c28 cm. +eCD-ROM1 aProyecto conecta aLa biblioteca posee el libro y el cuaderno de estrategias0 gv.1.tLibro texto --gv.2.tCuadernos de estrategia.12aDefilló Arzeno, Linnete,eed.12aTorres Ruiz, Osvaldo,eil. 0aProyecto conecta